[Event "Bad Soden U10 op"]
[Site "Bad Soden"]
[Date "2019.10.05"]
[Round "5"]
[White "Angrick, Otto Nikolaus"]
[Black "Lehmann, Ben"]
[Result "0-1"]
[WhiteElo "1009"]
[BlackElo "776"]
[PlyCount "80"]
[EventDate "2019.10.03"]
[EventType "swiss"]
[EventRounds "9"]
[EventCountry "GER"]
[SourceTitle "CBM 192 Extra"]
[Source "Chessbase"]
[SourceDate "2019.11.06"]
[SourceVersion "1"]
[SourceVersionDate "2019.11.06"]
[SourceQuality "1"]

1. e4 e5 2. Nf3 Nc6 3. Nc3 Bc5 4. Nxe5 Nxe5 5. d4 Bb6 6. dxe5 Qh4 7. g3 Qe7 8. Bf4 Qc5 9. Qd2 Ba5 10. Qe3 Qxe3+ 11. Bxe3 Bb6 12. Bxb6 axb6 13. 0-0-0 Nh6 14. Nd5 Rxa2 15. Kb1 Ra5 16. Nxc7+ Kf8 17. Nd5 Ng4 18. Nxb6 Nxf2 19. Rd5 Rxd5 20. exd5 Nxh1 21. Nxc8 Nf2 22. Bb5 Ng4 23. Bxd7 Nxe5 24. Bb5 f6 25. d6 Kf7 26. d7 Nc6 27. Nd6+ Ke7 28. Bxc6 bxc6 29. d8Q+ Rxd8 30. Nb7 Rd7 31. Nc5 Rd1+ 32. Ka2 Rd5 33. Ne4 f5 34. Nc3 Ra5+ 35. Kb3 g5 36. Kb4 Re5 37. Nd1 f4 38. gxf4 gxf4 39. Nf2 f3 40. Ng4 Re4+ 0-1